| 000 | 00467nam a2200145Ia 4500 | ||
|---|---|---|---|
| 008 | 220204s9999 xx 000 0 und d | ||
| 082 |
_a591.3 _bADV.53-3 |
||
| 100 | _aHADZISELIMOVIC, Faruk | ||
| 245 | 0 | _aCryptorchidism; Ultrastructure of normal and cryptorchid testis development | |
| 260 |
_aBerlin _bSpringer Verlag _c1977 |
||
| 490 | _aAdvances in antomy embryology and cell biology; v 53, fac 3 | ||
| 650 | _aBiopsies | ||
| 650 | _acryptorchidism | ||
| 942 | _cBK | ||
| 999 |
_c27153 _d27153 |
||